[Event "55. Rusia ch Femenino"]
[Site "Samara RUS"]
[Date "2005.05.15"]
[Round "1.1"]
[White "Yakovich, Yulija"]
[Black "Kovalevskaya, Ekaterina"]
[Result "0-1"]
[WhiteElo "2068"]
[BlackElo "2469"]
[PlyCount "117"]
[EventDate "2005.05.15"]
[EventType "tourn"]
[EventRounds "11"]
[EventCountry "RUS"]
[EventCategory "6"]
[Source "lmi"]
[SourceDate "2005.05.27"]

1. e4 e5 2. Nf3 Nc6 3. Bc4 Bc5 4. c3 Nf6 5. d3 a6 6. Bb3 d6 7. Nbd2 O-O 8. O-O
Ba7 9. h3 Nh5 10. Re1 Nf4 11. Nf1 Qf6 12. Bxf4 Qxf4 13. Ne3 Ne7 14. d4 Kh8 15.
dxe5 dxe5 16. Nd5 Nxd5 17. Qxd5 f6 18. Qd2 Qxd2 19. Nxd2 Bd7 20. Rad1 Rad8 21.
Nf1 Bc8 22. Rxd8 Rxd8 23. Rd1 Rxd1 24. Bxd1 g6 25. Bb3 Kg7 26. Ne3 c6 27. Nc4
Bc5 28. Kf1 Kf8 29. Ke2 Ke7 30. f3 b5 31. Ne3 a5 32. a4 Kd6 33. axb5 Bxe3 34.
Kxe3 cxb5 35. Kd3 Kc5 36. h4 h6 37. Bf7 g5 38. hxg5 hxg5 39. Bg8 Bd7 40. g3 b4
41. cxb4+ Kxb4 42. b3 g4 43. f4 exf4 44. gxf4 Bc6 45. e5 fxe5 46. fxe5 Kc5 47.
Ke3 g3 48. Ke2 Bh1 49. Ke3 Kc6 50. Ke2 Bd5 51. e6 Bh1 52. Ke3 Kd6 53. Ke2 Ke7
54. Ke3 Bd5 55. Ke2 Bxe6 56. Bh7 Bd5 57. Ke3 Kd6 58. Bg6 Kc5 59. Bf5 0-1

[Event "55. Rusia ch Femenino"]
[Site "Samara RUS"]
[Date "2005.05.15"]
[Round "1.2"]
[White "Pogonina, Natalija"]
[Black "Galliamova, Alisa"]
[Result "1/2-1/2"]
[WhiteElo "2355"]
[BlackElo "2469"]
[PlyCount "82"]
[EventDate "2005.05.15"]
[EventType "tourn"]
[EventRounds "11"]
[EventCountry "RUS"]
[EventCategory "6"]
[Source "lmi"]
[SourceDate "2005.05.27"]

1. e4 c5 2. Nf3 Nc6 3. d4 cxd4 4. Nxd4 Nf6 5. Nc3 d6 6. Be2 e5 7. Nf3 h6 8. O-O
Be7 9. Re1 O-O 10. h3 a6 11. Bf1 Qc7 12. Nd5 Nxd5 13. exd5 Nb8 14. c4 f5 15. b3
Bf6 16. Bb2 a5 17. a3 g5 18. Nd2 Qg7 19. b4 Nd7 20. Qc2 e4 21. Bxf6 Nxf6 22.
Qc3 Qg6 23. bxa5 f4 24. Rab1 Re8 25. c5 g4 26. hxg4 Nxg4 27. f3 exf3 28. Rxe8+
Qxe8 29. Nxf3 dxc5 30. d6 Qe3+ 31. Qxe3 Nxe3 32. Ne5 Rxa5 33. d7 Bxd7 34. Nxd7
c4 35. Rxb7 c3 36. Rb1 c2 37. Rc1 Rxa3 38. Nc5 Rc3 39. Ne6 f3 40. gxf3 Nxf1 41.
Kxf1 Rxf3+ 1/2-1/2

[Event "55. Rusia ch Femenino"]
[Site "Samara RUS"]
[Date "2005.05.15"]
[Round "1.3"]
[White "Matveeva, Svetlana"]
[Black "Kosintseva, Nadezhda"]
[Result "0-1"]
[WhiteElo "2423"]
[BlackElo "2459"]
[PlyCount "108"]
[EventDate "2005.05.15"]
[EventType "tourn"]
[EventRounds "11"]
[EventCountry "RUS"]
[EventCategory "6"]
[Source "lmi"]
[SourceDate "2005.05.27"]

1. d4 Nf6 2. c4 e6 3. Nc3 Bb4 4. Qc2 d5 5. cxd5 exd5 6. Bg5 c5 7. dxc5 h6 8.
Bxf6 Qxf6 9. O-O-O Bxc3 10. Qxc3 Qxc3+ 11. bxc3 Be6 12. e3 Ke7 13. Be2 Rc8 14.
Bf3 Rxc5 15. Ne2 Nd7 16. Rd4 Nb6 17. Rhd1 Ra5 18. Kb1 Rc8 19. Ka1 Rcc5 20. Rb1
Bd7 21. Nf4 g5 22. Ne2 Ra6 23. Rb2 f5 24. g4 fxg4 25. Bxg4 Bc6 26. Rb3 Nc4 27.
Nc1 Ra4 28. Be2 Nd6 29. Kb2 Rca5 30. Rxa4 Rxa4 31. Rb4 Kf6 32. Nb3 Ne4 33. f3
Nd6 34. Nd4 Bd7 35. Kb3 Ra5 36. Kb2 Rc5 37. Kc2 b5 38. Kd2 a6 39. Nb3 Rc8 40.
h4 Nc4+ 41. Bxc4 dxc4 42. hxg5+ hxg5 43. Nd4 Rh8 44. Rb2 Rh2+ 45. Kc1 Rh1+ 46.
Kd2 Ke5 47. a4 bxa4 48. Rb6 Rh2+ 49. Kc1 g4 50. Rxa6 g3 51. Rg6 a3 52. Rxg3
Rh1+ 53. Kd2 a2 54. Nc2 Rh2+ 0-1

[Event "55. Rusia ch Femenino"]
[Site "Samara RUS"]
[Date "2005.05.15"]
[Round "1.4"]
[White "Kosteniuk, Alexandra"]
[Black "Korbut, Ekaterina"]
[Result "1-0"]
[WhiteElo "2492"]
[BlackElo "2399"]
[PlyCount "51"]
[EventDate "2005.05.15"]
[EventType "tourn"]
[EventRounds "11"]
[EventCountry "RUS"]
[EventCategory "6"]
[Source "lmi"]
[SourceDate "2005.05.27"]

1. d4 d5 2. Nc3 Bf5 3. Bg5 h6 4. Bh4 c6 5. Qd2 Nd7 6. f3 Ngf6 7. O-O-O e6 8.
Re1 Bh7 9. e4 Nxe4 10. fxe4 Qxh4 11. Nf3 Qd8 12. exd5 cxd5 13. Nxd5 Bd6 14. Bd3
Bxd3 15. Qxd3 O-O 16. Ne3 Rc8 17. Kb1 Bf4 18. g4 Nb6 19. Ng2 Bd6 20. g5 h5 21.
g6 Nc4 22. Ne3 b5 23. Rhg1 f6 24. Qe4 Re8 25. Qh4 f5 26. Qxh5 1-0

[Event "55. Rusia ch Femenino"]
[Site "Samara RUS"]
[Date "2005.05.15"]
[Round "1.5"]
[White "Zaiatz, Elena"]
[Black "Kochetkova, Julia"]
[Result "1/2-1/2"]
[WhiteElo "2398"]
[BlackElo "2311"]
[PlyCount "97"]
[EventDate "2005.05.15"]
[EventType "tourn"]
[EventRounds "11"]
[EventCountry "RUS"]
[EventCategory "6"]
[Source "lmi"]
[SourceDate "2005.05.27"]

1. d4 Nf6 2. c4 e6 3. Nc3 Bb4 4. e3 O-O 5. Bd3 d5 6. Nf3 c5 7. O-O Nc6 8. a3
Ba5 9. cxd5 exd5 10. dxc5 Bxc3 11. bxc3 Bg4 12. Be2 Ne4 13. Bb2 Qe7 14. Qc2
Qxc5 15. c4 Rfe8 16. Rac1 dxc4 17. Bxc4 Qh5 18. Nd4 Nxd4 19. Bxd4 Bf5 20. Qb2
Qg6 21. Ba2 Ng5 22. f3 Bd3 23. Bb1 Ne6 24. Rfd1 Bxb1 25. Qxb1 Nxd4 26. exd4 Qd6
27. Qb4 Qxb4 28. axb4 Rac8 29. Kf2 f6 30. d5 Rxc1 31. Rxc1 Rd8 32. Rd1 Kf7 33.
Ke3 Ke7 34. Kd4 Kd6 35. Ra1 a6 36. b5 axb5 37. Ra5 Rc8 38. Rxb5 Rc2 39. g4 Rxh2
40. Rxb7 h5 41. Rb6+ Kc7 42. Rc6+ Kd7 43. gxh5 Rxh5 44. Kc5 Rh1 45. Ra6 Rc1+
46. Kd4 Rd1+ 47. Ke4 Re1+ 48. Kf5 Rf1 49. f4 1/2-1/2

[Event "55. Rusia ch Femenino"]
[Site "Samara RUS"]
[Date "2005.05.15"]
[Round "1.6"]
[White "Kosintseva, Tatiana"]
[Black "Gunina, Valentina"]
[Result "1/2-1/2"]
[WhiteElo "2486"]
[BlackElo "2340"]
[PlyCount "147"]
[EventDate "2005.05.15"]
[EventType "tourn"]
[EventRounds "11"]
[EventCountry "RUS"]
[EventCategory "6"]
[Source "lmi"]
[SourceDate "2005.05.27"]

1. e4 c6 2. d4 d5 3. e5 Bf5 4. Be3 e6 5. Nd2 Ne7 6. c3 Nd7 7. f4 h6 8. Ngf3 Bh7
9. Bf2 Qb6 10. Nb3 a5 11. a4 Nc8 12. Be2 Be7 13. O-O O-O 14. Bh4 Bxh4 15. Nxh4
Ne7 16. Kh1 Nf5 17. Nxf5 Bxf5 18. Rc1 f6 19. c4 Be4 20. Bd3 fxe5 21. dxe5 Rad8
22. Bxe4 dxe4 23. Qc2 Qe3 24. g3 Nb6 25. Rfe1 Qf3+ 26. Kg1 e3 27. Qe2 Qxe2 28.
Rxe2 Nxa4 29. Rxe3 g5 30. fxg5 hxg5 31. Re2 Rf3 32. Nxa5 Nc5 33. b4 Nd3 34. Rb1
Rd7 35. b5 c5 36. b6 Rdf7 37. Nb3 g4 38. Nd2 R3f5 39. Ne4 Rxe5 40. Rd1 Nf2 41.
Nf6+ Rxf6 42. Rxf2 Ref5 43. Rd8+ Kg7 44. Rd7+ Rf7 45. Rxf5 exf5 46. Rc7 Kf6 47.
Rxc5 Ke6 48. Rc8 Rd7 49. c5 Rd1+ 50. Kf2 Rb1 51. Ke3 Ke5 52. Rc7 Rb3+ 53. Kd2
Kd5 54. Kc2 Rb5 55. Rxb7 Kxc5 56. Kc3 Rb1 57. Rb8 Rh1 58. b7 Kc6 59. Rh8 Kxb7
60. Kd4 Re1 61. Rh5 Re4+ 62. Kd5 Re2 63. Kd6 Rf2 64. Ke5 Kc7 65. Rxf5 Rxh2 66.
Rf4 Kd7 67. Kf6 Rh6+ 68. Kg7 Rh1 69. Rxg4 Ke6 70. Rf4 Ke5 71. Rf6 Rg1 72. Rf3
Ke4 73. Rf4+ Ke3 74. Rg4 1/2-1/2

[Event "55. Rusia ch Femenino"]
[Site "Samara RUS"]
[Date "2005.05.16"]
[Round "2.2"]
[White "Kochetkova, Julia"]
[Black "Kosintseva, Tatiana"]
[Result "0-1"]
[WhiteElo "2311"]
[BlackElo "2486"]
[PlyCount "98"]
[EventDate "2005.05.15"]
[EventType "tourn"]
[EventRounds "11"]
[EventCountry "RUS"]
[EventCategory "6"]
[Source "lmi"]
[SourceDate "2005.05.27"]

1. e4 c5 2. Nf3 Nc6 3. d4 cxd4 4. Nxd4 Nf6 5. Nc3 d6 6. Bg5 e6 7. Qd2 Be7 8.
O-O-O Qb6 9. Nb3 O-O 10. f3 Rd8 11. Be3 Qc7 12. Qf2 d5 13. exd5 Nxd5 14. Nxd5
Rxd5 15. Rxd5 exd5 16. g4 Ne5 17. Bd4 Nc4 18. Kb1 a5 19. Nd2 b5 20. Bd3 Qf4 21.
Nxc4 bxc4 22. Re1 Be6 23. Bf5 Ra6 24. Be5 Qh6 25. Qd4 Bf8 26. Bxe6 fxe6 27. f4
Qh4 28. Rd1 g6 29. Qg1 Rc6 30. Qg2 Bg7 31. Bxg7 Kxg7 32. f5 exf5 33. Qxd5 Qxg4
34. Re1 Rf6 35. a3 Rf7 36. Qe5+ Kh6 37. Qe6 Qh4 38. Rd1 Re7 39. Qg8 Qf6 40.
Qxc4 f4 41. Rf1 Rf7 42. Rf3 g5 43. h3 Kg7 44. b4 axb4 45. axb4 h5 46. Qc8 Qd4
47. Rd3 Qxb4+ 48. Kc1 Qe1+ 49. Kb2 Qe5+ 0-1

[Event "55. Rusia ch Femenino"]
[Site "Samara RUS"]
[Date "2005.05.16"]
[Round "2.3"]
[White "Korbut, Ekaterina"]
[Black "Zaiatz, Elena"]
[Result "1/2-1/2"]
[WhiteElo "2399"]
[BlackElo "2398"]
[PlyCount "23"]
[EventDate "2005.05.15"]
[EventType "tourn"]
[EventRounds "11"]
[EventCountry "RUS"]
[EventCategory "6"]
[Source "lmi"]
[SourceDate "2005.05.27"]

1. e4 e5 2. Nf3 Nc6 3. Bb5 Nf6 4. Nc3 Nd4 5. Nxd4 exd4 6. e5 dxc3 7. exf6 Qxf6
8. dxc3 Qe5+ 9. Qe2 Qxe2+ 10. Bxe2 d5 11. Bf4 c6 12. c4 1/2-1/2

[Event "55. Rusia ch Femenino"]
[Site "Samara RUS"]
[Date "2005.05.16"]
[Round "2.5"]
[White "Galliamova, Alisa"]
[Black "Matveeva, Svetlana"]
[Result "0-1"]
[WhiteElo "2469"]
[BlackElo "2423"]
[PlyCount "86"]
[EventDate "2005.05.15"]
[EventType "tourn"]
[EventRounds "11"]
[EventCountry "RUS"]
[EventCategory "6"]
[Source "lmi"]
[SourceDate "2005.05.27"]

1. d4 d5 2. c4 dxc4 3. Nf3 e6 4. e3 c5 5. Bxc4 a6 6. O-O Nf6 7. Bb3 b5 8. a4 b4
9. Nbd2 Be7 10. e4 Bb7 11. e5 Nfd7 12. Nc4 O-O 13. Bc2 cxd4 14. Nxd4 Bd5 15.
Qd3 g6 16. Nf3 Nc5 17. Qe2 b3 18. Bb1 Nc6 19. Bh6 Re8 20. Rc1 Rc8 21. h3 Nb4
22. Rc3 a5 23. Nh2 Na2 24. Rg3 Nxa4 25. Ne3 Rc1+ 26. Nhf1 Be4 27. Bxe4 Rxa1 28.
Qh5 Kh8 29. Qf3 Rf8 30. Bxf8 Qxf8 31. Ng4 Nc5 32. Nf6 Nb4 33. Rg4 Nxe4 34. Rxe4
a4 35. Rh4 Bxf6 36. exf6 Nd5 37. Qd3 Qd8 38. Rc4 Qxf6 39. Rc8+ Kg7 40. Qb5 Qd4
41. g3 Nf6 42. Qe2 a3 43. Rc3 Qxc3 0-1

[Event "55. Rusia ch Femenino"]
[Site "Samara RUS"]
[Date "2005.05.16"]
[Round "2.6"]
[White "Yakovich, Yulija"]
[Black "Pogonina, Natalija"]
[Result "0-1"]
[WhiteElo "2068"]
[BlackElo "2355"]
[PlyCount "58"]
[EventDate "2005.05.15"]
[EventType "tourn"]
[EventRounds "11"]
[EventCountry "RUS"]
[EventCategory "6"]
[Source "lmi"]
[SourceDate "2005.05.27"]

1. e4 c5 2. Nf3 d6 3. d4 cxd4 4. Nxd4 Nf6 5. Nc3 g6 6. Be3 Bg7 7. f3 O-O 8. Qd2
Nc6 9. O-O-O Qa5 10. Kb1 Bd7 11. g4 Rfc8 12. h4 Nxd4 13. Bxd4 Be6 14. a3 Rab8
15. h5 b5 16. hxg6 hxg6 17. Qg5 Qc7 18. Bd3 b4 19. Nd5 Bxd5 20. exd5 bxa3 21.
b3 Rb4 22. Ba1 a2+ 23. Kc1 Rxb3 24. Kd2 Rb4 25. Bxg6 fxg6 26. Qxg6 Qc5 27. Rh2
Rd4+ 28. Ke1 Rxd1+ 29. Kxd1 Qg1+ 0-1

[Event "55. Rusia ch Femenino"]
[Site "Samara RUS"]
[Date "2005.05.17"]
[Round "3.1"]
[White "Pogonina, Natalija"]
[Black "Kovalevskaya, Ekaterina"]
[Result "1/2-1/2"]
[WhiteElo "2355"]
[BlackElo "2469"]
[PlyCount "86"]
[EventDate "2005.05.15"]
[EventType "tourn"]
[EventRounds "11"]
[EventCountry "RUS"]
[EventCategory "6"]
[Source "lmi"]
[SourceDate "2005.05.27"]

1. e4 e5 2. Nf3 Nc6 3. Nc3 Nf6 4. d4 exd4 5. Nxd4 Bb4 6. Nxc6 bxc6 7. Bd3 d5 8.
exd5 cxd5 9. O-O O-O 10. Bg5 c6 11. Na4 h6 12. Bh4 Re8 13. c3 Bf8 14. Re1 Rxe1+
15. Qxe1 c5 16. b3 Bd7 17. Nb2 Qb6 18. Qd2 Re8 19. Re1 Rxe1+ 20. Qxe1 g5 21.
Bg3 Bg7 22. Qe2 Qa5 23. Nd1 Bg4 24. f3 Be6 25. Be5 c4 26. Bc2 Nd7 27. Bxg7 Kxg7
28. bxc4 Qxa2 29. cxd5 Qxd5 30. Ne3 Qc5 31. Qd3 Nf6 32. Kf2 a5 33. Ke1 Qe5 34.
g3 Nd5 35. Kd2 Nxe3 36. Qxe3 Kf6 37. f4 gxf4 38. gxf4 Qd5+ 39. Kc1 Qh1+ 40. Kb2
Qb7+ 41. Kc1 Qh1+ 42. Kb2 Qb7+ 43. Kc1 Qh1+ 1/2-1/2

[Event "55. Rusia ch Femenino"]
[Site "Samara RUS"]
[Date "2005.05.17"]
[Round "3.2"]
[White "Matveeva, Svetlana"]
[Black "Yakovich, Yulija"]
[Result "1-0"]
[WhiteElo "2423"]
[BlackElo "2068"]
[PlyCount "77"]
[EventDate "2005.05.15"]
[EventType "tourn"]
[EventRounds "11"]
[EventCountry "RUS"]
[EventCategory "6"]
[Source "lmi"]
[SourceDate "2005.05.27"]

1. d4 Nf6 2. c4 e6 3. Nc3 Bb4 4. e3 c5 5. Bd3 Nc6 6. Nf3 Bxc3+ 7. bxc3 d6 8.
O-O O-O 9. Rb1 b6 10. d5 Na5 11. e4 e5 12. Bg5 Ba6 13. Nd2 h6 14. Bh4 g5 15.
Bg3 Bc8 16. Qe2 Bg4 17. f3 Bd7 18. Bf2 Kg7 19. Be3 Qe7 20. g3 Ne8 21. f4 f6 22.
Rf2 Nc7 23. Kg2 Qe8 24. h4 gxh4 25. f5 hxg3 26. Rf3 Kf7 27. Rh1 Ke7 28. Rxg3
Rg8 29. Nf1 Qf7 30. Rxh6 Rxg3+ 31. Nxg3 Rg8 32. Kf2 Bc8 33. Qh5 Qxh5 34. Nxh5
Rf8 35. Nxf6 Ne8 36. Nxe8 Rxe8 37. Bg5+ Kf8 38. Be2 Kg8 39. Bf6 1-0

[Event "55. Rusia ch Femenino"]
[Site "Samara RUS"]
[Date "2005.05.17"]
[Round "3.4"]
[White "Zaiatz, Elena"]
[Black "Kosintseva, Nadezhda"]
[Result "0-1"]
[WhiteElo "2398"]
[BlackElo "2459"]
[PlyCount "92"]
[EventDate "2005.05.15"]
[EventType "tourn"]
[EventRounds "11"]
[EventCountry "RUS"]
[EventCategory "6"]
[Source "lmi"]
[SourceDate "2005.05.27"]

1. d4 Nf6 2. c4 e6 3. Nc3 Bb4 4. Qc2 O-O 5. a3 Bxc3+ 6. Qxc3 b5 7. cxb5 c6 8.
Bg5 cxb5 9. e3 Bb7 10. Nf3 h6 11. Bh4 g5 12. Bg3 Ne4 13. Qc7 Qxc7 14. Bxc7 Rc8
15. Bxb8 Raxb8 16. Bd3 Rc7 17. Rg1 Rbc8 18. Nd2 f5 19. f3 Nd6 20. Ke2 Nc4 21.
Rab1 a5 22. h4 gxh4 23. Rh1 d6 24. Rxh4 Rg7 25. Rh2 Kf7 26. Nf1 a4 27. Kf2 Rh8
28. Ng3 Rg5 29. Ne2 Ba6 30. Bxc4 bxc4 31. Nc3 Rgg8 32. Nxa4 Rb8 33. Nc3 Rb3 34.
Na2 Rhb8 35. Nb4 c3 36. Rhh1 R8xb4 37. axb4 Bd3 38. Rbc1 cxb2 39. Rc7+ Kg6 40.
Re7 Bc4 41. Rb1 Rxb4 42. d5 exd5 43. Re6+ Kg7 44. Rxd6 Ba2 45. Rxb2 Rxb2+ 46.
Kg3 Bc4 0-1

[Event "55. Rusia ch Femenino"]
[Site "Samara RUS"]
[Date "2005.05.17"]
[Round "3.6"]
[White "Gunina, Valentina"]
[Black "Kochetkova, Julia"]
[Result "1/2-1/2"]
[WhiteElo "2340"]
[BlackElo "2311"]
[PlyCount "144"]
[EventDate "2005.05.15"]
[EventType "tourn"]
[EventRounds "11"]
[EventCountry "RUS"]
[EventCategory "6"]
[Source "lmi"]
[SourceDate "2005.05.27"]

1. d4 d5 2. c4 e6 3. Nc3 Nf6 4. Nf3 c6 5. Bg5 h6 6. Bxf6 Qxf6 7. e3 Nd7 8. Bd3
g6 9. O-O dxc4 10. Bxc4 Bg7 11. e4 e5 12. d5 Nb6 13. Be2 O-O 14. dxc6 Qxc6 15.
Rc1 Qf6 16. Nd5 Nxd5 17. Qxd5 Qb6 18. Bc4 Bg4 19. Qd3 Rad8 20. Qe2 Rd7 21. h3
Bxf3 22. Qxf3 Rfd8 23. Rc2 Qf6 24. Qxf6 Bxf6 25. Bd5 Kg7 26. Rfc1 Bg5 27. Rd1
h5 28. Rd3 h4 29. Rdc3 b6 30. Rc7 Be7 31. Kf1 Bc5 32. Rxd7 Rxd7 33. Ke2 a5 34.
Kd3 Bd4 35. b3 Ra7 36. f3 Kh6 37. f4 Bc5 38. fxe5 Re7 39. Rc1 Rxe5 40. Bxf7 Rg5
41. Rc2 b5 42. Re2 Rg3+ 43. Kd2 Bb4+ 44. Kc2 Rc3+ 45. Kb2 Rc5 46. Rc2 Rxc2+ 47.
Kxc2 Bd6 48. Kd3 Kg7 49. Be8 b4 50. Kc4 Kf6 51. Kb5 Bc7 52. Kc6 Bf4 53. Kb6 Bd6
54. Kxa5 g5 55. Bc6 Ke5 56. Ka4 Kd4 57. Bd5 Kc3 58. Kb5 Kd4 59. Ka5 Kc3 60. Ka4
Kd4 61. Kb5 Be7 62. Ka4 Bd6 63. a3 bxa3 64. b4 a2 65. Bxa2 Kxe4 66. Ka5 Ke5 67.
b5 Bc5 68. b6 Kd6 69. Kb5 Be3 70. Bb1 Bf2 71. Bf5 Be3 72. Ka6 Bd4 1/2-1/2

[Event "55. Rusia ch Femenino"]
[Site "Samara RUS"]
[Date "2005.05.18"]
[Round "4.2"]
[White "Korbut, Ekaterina"]
[Black "Gunina, Valentina"]
[Result "0-1"]
[WhiteElo "2399"]
[BlackElo "2340"]
[PlyCount "98"]
[EventDate "2005.05.15"]
[EventType "tourn"]
[EventRounds "11"]
[EventCountry "RUS"]
[EventCategory "6"]
[Source "lmi"]
[SourceDate "2005.05.27"]

1. e4 c5 2. Nf3 d6 3. d4 cxd4 4. Nxd4 Nf6 5. Nc3 a6 6. Be3 e5 7. Nb3 Be6 8. f4
exf4 9. Bxf4 Nc6 10. Qd2 Be7 11. O-O-O Ne5 12. Nd4 O-O 13. Nf5 Bxf5 14. exf5 b5
15. g4 b4 16. Nd5 Nxd5 17. Qxd5 Bg5 18. Qd2 Bxf4 19. Qxf4 a5 20. Rg1 a4 21.
Qxb4 a3 22. Rg3 Qg5+ 23. Kb1 axb2 24. Bg2 Rab8 25. Qd4 Rfc8 26. Bd5 Qh4 27. Rg2
Qh3 28. Qd2 Rb5 29. Rg3 Qh4 30. Bb3 d5 31. Rc3 Nc4 32. Bxc4 dxc4 33. Rxc4 Re8
34. Re4 Rf8 35. Rde1 h6 36. Re8 Rb8 37. Rxf8+ Rxf8 38. Re4 Rd8 39. Rd4 Rb8 40.
a4 Qf6 41. Qf4 Qb6 42. Qd6 Qb7 43. a5 Kh7 44. Rd5 Qc8 45. Re5 Qxc2+ 46. Kxc2
b1=Q+ 47. Kd2 Rb2+ 48. Ke3 Qc1+ 49. Kf3 Qf1+ 0-1

[Event "55. Rusia ch Femenino"]
[Site "Samara RUS"]
[Date "2005.05.18"]
[Round "4.4"]
[White "Galliamova, Alisa"]
[Black "Zaiatz, Elena"]
[Result "1/2-1/2"]
[WhiteElo "2469"]
[BlackElo "2398"]
[PlyCount "81"]
[EventDate "2005.05.15"]
[EventType "tourn"]
[EventRounds "11"]
[EventCountry "RUS"]
[EventCategory "6"]
[Source "lmi"]
[SourceDate "2005.05.27"]

1. c4 e6 2. g3 d5 3. Bg2 g6 4. Nf3 Bg7 5. d4 Ne7 6. O-O Nbc6 7. e3 O-O 8. Nbd2
b6 9. b3 a5 10. Bb2 Ba6 11. Qb1 Rc8 12. Rc1 Bb7 13. a3 Nf5 14. Ra2 h5 15. Ba1
Nce7 16. Ne5 c6 17. b4 axb4 18. Qxb4 dxc4 19. Qxc4 Nd6 20. Qb3 c5 21. Bxb7 Nxb7
22. Rb1 cxd4 23. Bxd4 Qd5 24. Rab2 Na5 25. Qxb6 Bxe5 26. Bxe5 Qxe5 27. Rb5 Nd5
28. Rxa5 Qc3 29. Rxd5 exd5 30. Qb4 Qxb4 31. axb4 Rb8 32. Nf3 Rfc8 33. Nd4 Rb6
34. b5 Kg7 35. h3 Kf6 36. Kg2 Ke5 37. Ra1 Rc4 38. Ra7 Kf6 39. Rd7 Rxd4 40. exd4
Rxb5 41. Kf3 1/2-1/2

[Event "55. Rusia ch Femenino"]
[Site "Samara RUS"]
[Date "2005.05.18"]
[Round "4.5"]
[White "Yakovich, Yulija"]
[Black "Kosteniuk, Alexandra"]
[Result "1/2-1/2"]
[WhiteElo "2068"]
[BlackElo "2492"]
[PlyCount "97"]
[EventDate "2005.05.15"]
[EventType "tourn"]
[EventRounds "11"]
[EventCountry "RUS"]
[EventCategory "6"]
[Source "lmi"]
[SourceDate "2005.05.27"]

1. e4 c5 2. Nf3 d6 3. d4 cxd4 4. Nxd4 Nf6 5. Nc3 a6 6. Be3 e5 7. Nf3 Be7 8. Bc4
O-O 9. O-O Be6 10. Bb3 Nc6 11. Qe2 Rc8 12. Rfd1 b5 13. Bg5 Bg4 14. Bxf6 Bxf6
15. Qd3 Be7 16. Nd5 Bg5 17. c3 Kh8 18. h3 Bh5 19. Re1 Bxf3 20. Qxf3 g6 21. Red1
f5 22. Rd3 Na5 23. Qe2 Nb7 24. f3 Nc5 25. Rdd1 Bh4 26. Bc2 Rf7 27. b4 Ne6 28.
a4 Nc7 29. axb5 axb5 30. Bb3 Ne6 31. Bc2 Ng5 32. Ra5 fxe4 33. Bxe4 Nxe4 34.
Qxe4 Rc4 35. Qe2 Qe8 36. Rda1 Rf8 37. Ra7 Bg5 38. Qa2 Qc6 39. Ra8 Bd8 40. Qd2
Bb6+ 41. Nxb6 Qxb6+ 42. Kh2 Rxa8 43. Rxa8+ Kg7 44. Qd5 Qe3 45. Qg8+ Kh6 46.
Qf8+ Kg5 47. Qe7+ Kh6 48. Qf8+ Kg5 49. Qe7+ 1/2-1/2

[Event "55. Rusia ch Femenino"]
[Site "Samara RUS"]
[Date "2005.05.19"]
[Round "5.1"]
[White "Matveeva, Svetlana"]
[Black "Kovalevskaya, Ekaterina"]
[Result "1/2-1/2"]
[WhiteElo "2423"]
[BlackElo "2469"]
[PlyCount "58"]
[EventDate "2005.05.15"]
[EventType "tourn"]
[EventRounds "11"]
[EventCountry "RUS"]
[EventCategory "6"]
[Source "lmi"]
[SourceDate "2005.05.27"]

1. d4 Nf6 2. c4 e6 3. Nc3 Bb4 4. Qc2 O-O 5. a3 Bxc3+ 6. Qxc3 Ne4 7. Qc2 f5 8.
Nf3 b6 9. g3 c5 10. Bg2 cxd4 11. Nxd4 Bb7 12. O-O Nc6 13. Nxc6 Bxc6 14. b3 Rc8
15. Bb2 Qe7 16. Rac1 Bb7 17. Qd1 d5 18. cxd5 Bxd5 19. b4 Bc4 20. Qd4 Bxe2 21.
Rfe1 Rxc1 22. Rxc1 Rd8 23. Qe5 Rd1+ 24. Rxd1 Bxd1 25. Qb8+ Kf7 26. Bxe4 fxe4
27. Qf4+ Kg8 28. Qb8+ Kf7 29. Qf4+ Kg8 1/2-1/2

[Event "55. Rusia ch Femenino"]
[Site "Samara RUS"]
[Date "2005.05.19"]
[Round "5.2"]
[White "Kosteniuk, Alexandra"]
[Black "Pogonina, Natalija"]
[Result "1-0"]
[WhiteElo "2492"]
[BlackElo "2355"]
[PlyCount "59"]
[EventDate "2005.05.15"]
[EventType "tourn"]
[EventRounds "11"]
[EventCountry "RUS"]
[EventCategory "6"]
[Source "lmi"]
[SourceDate "2005.05.27"]

1. e4 c5 2. Nf3 d6 3. d4 cxd4 4. Nxd4 Nf6 5. Nc3 g6 6. Be3 Bg7 7. f3 O-O 8. Qd2
Nc6 9. O-O-O Nxd4 10. Bxd4 Be6 11. Kb1 Qc7 12. h4 Rfc8 13. h5 Qa5 14. hxg6 hxg6
15. a3 Bc4 16. g4 Bxf1 17. Rdxf1 Rc4 18. Be3 Rac8 19. Bh6 Bh8 20. Nd5 Qd8 21.
Ne3 R4c5 22. Rh3 Rb5 23. Nd1 Qa5 24. Qd3 Qa6 25. Rfh1 Nd7 26. Bc1 Bg7 27. Qd2
Qa4 28. Qh2 Qd4 29. Rh8+ Bxh8 30. Qh7+ 1-0

[Event "55. Rusia ch Femenino"]
[Site "Samara RUS"]
[Date "2005.05.19"]
[Round "5.3"]
[White "Zaiatz, Elena"]
[Black "Yakovich, Yulija"]
[Result "1-0"]
[WhiteElo "2398"]
[BlackElo "2068"]
[PlyCount "81"]
[EventDate "2005.05.15"]
[EventType "tourn"]
[EventRounds "11"]
[EventCountry "RUS"]
[EventCategory "6"]
[Source "lmi"]
[SourceDate "2005.05.27"]

1. Nf3 d5 2. b3 Nf6 3. Bb2 c5 4. e3 a6 5. Ne5 g6 6. Be2 Bg7 7. O-O O-O 8. d4
cxd4 9. exd4 Bf5 10. Nd2 Nbd7 11. Ndf3 Rc8 12. c4 Ne4 13. Bd3 Ndf6 14. Nh4 Be6
15. f3 Nd6 16. c5 Nf5 17. Nxf5 Bxf5 18. Bxf5 gxf5 19. b4 Nd7 20. Nxd7 Qxd7 21.
a4 Rb8 22. b5 axb5 23. a5 Ra8 24. Qb3 Ra6 25. Bc3 f4 26. Rab1 Rg6 27. Qxb5 Qh3
28. Qe2 Bf6 29. Rxb7 Kh8 30. Kh1 Qh5 31. a6 Rh6 32. g4 fxg3 33. a7 Qxh2+ 34.
Qxh2 Rxh2+ 35. Kg1 g2 36. Rb8 gxf1=Q+ 37. Kxf1 Kg7 38. Rxf8 Kxf8 39. a8=Q+ Kg7
40. Qxd5 h5 41. c6 1-0

[Event "55. Rusia ch Femenino"]
[Site "Samara RUS"]
[Date "2005.05.19"]
[Round "5.5"]
[White "Gunina, Valentina"]
[Black "Kosintseva, Nadezhda"]
[Result "0-1"]
[WhiteElo "2340"]
[BlackElo "2459"]
[PlyCount "130"]
[EventDate "2005.05.15"]
[EventType "tourn"]
[EventRounds "11"]
[EventCountry "RUS"]
[EventCategory "6"]
[Source "lmi"]
[SourceDate "2005.05.27"]

1. d4 Nf6 2. c4 c5 3. Nf3 cxd4 4. Nxd4 e5 5. Nf3 Nc6 6. e3 d5 7. cxd5 Nxd5 8.
Bc4 Bb4+ 9. Bd2 O-O 10. O-O Bxd2 11. Nbxd2 Be6 12. Ne4 Nc7 13. Bxe6 Nxe6 14.
Qe2 Qe7 15. Qb5 f5 16. Nc3 e4 17. Ne5 Qc5 18. Qxc5 Nxc5 19. Nxc6 bxc6 20. Rad1
Rfd8 21. Ne2 Ne6 22. h3 h5 23. Rxd8+ Rxd8 24. Rc1 c5 25. Nf4 Nxf4 26. exf4 Rd5
27. Kf1 Kf7 28. Ke2 h4 29. Rc3 a6 30. Rb3 Ke6 31. f3 exf3+ 32. Kxf3 c4 33. Rc3
Rd4 34. Ra3 Rd6 35. Ra4 Rc6 36. Ke3 c3 37. bxc3 Rxc3+ 38. Kd4 Rc6 39. Ra5 g6
40. Rc5 Rd6+ 41. Ke3 Rb6 42. Rc8 Kf6 43. Ra8 Re6+ 44. Kf3 Rc6 45. Ke3 Rc3+ 46.
Kd4 Ra3 47. Rf8+ Kg7 48. Ra8 Rxa2 49. Ke5 Re2+ 50. Kd5 Rxg2 51. Rxa6 Rd2+ 52.
Ke5 Re2+ 53. Kd4 Re4+ 54. Kd3 Rxf4 55. Ke3 Rb4 56. Ra3 g5 57. Kf2 Kf6 58. Ke3
Rb2 59. Kd4 Rd2+ 60. Ke3 Rh2 61. Kd4 g4 62. hxg4 fxg4 63. Ke4 g3 64. Ra8 g2 65.
Rg8 h3 0-1